| 000 | 00702naa a22001457i 4500 | ||
|---|---|---|---|
| 001 | 9349 | ||
| 003 | KOSZ 005 | ||
| 005 | 20180326141157.0 | ||
| 008 | 180326s2015 pl ||||f |||| 00| 0 eng | ||
| 040 |
_aKOSZ 005/AR _cKOSZ 005/AR |
||
| 100 | 1 |
_aGASZTOLD, Brygida. _bPolitechnika Koszalińska - Instytut Neofilologii i Komunikacji Społecznej, _cZakład Filologii Angielskiej _d1993 - . |
|
| 245 | 1 | 0 |
_aOf promises delivered and failed : _cBrygida Gasztold. _bpost 9/11 America through the eyes of "The reluctant fundamentalist" by Moshin Hamid / |
| 773 | 0 |
_iW : _tAd Americam : journal of American Studies. - _dKraków : Księgarnia Akademicka Sp. z o. o. - _g2015, 16, s. 17-28 _x1896-9461 |
|
| 942 |
_2UKD _cPO |
||
| 999 |
_c9349 _d9349 |
||